000 00272 a2200121 4500
001 146830
040 _cEscola São Tomás de Aquino
100 _aMACHADO, Ana Maria
240 1 0 _aJoão Bobo
_lpor
245 1 0 _aJoão Bobo
697 _a*LITERATURA INFANTO
942 _cBK
999 _c146830
_d146830